| 000 | 00488nam a2200169 a 4500 | ||
|---|---|---|---|
| 005 | 20140310183257.0 | ||
| 008 | 000531s19uu xx 00 eng d | ||
| 020 | _a0812522974 | ||
| 050 |
_aPS 1408 _b.C776 1994 |
||
| 100 | _aCooper, James Fenimore | ||
| 245 |
_aThe last of the mohicans / _cJames Fenimore Cooper. |
||
| 260 |
_aNew York : _bA Tom Doherty Associates book, _c1994. |
||
| 300 |
_a432 p. : _c18 cm. |
||
| 650 |
_aAdventures _xFiction |
||
| 942 |
_cBK _2lcc |
||
| 999 |
_c20889 _d20889 |
||